| 000 | 01068nam a2200289Ic 4500 | ||
|---|---|---|---|
| 001 | 60435 | ||
| 003 | CO-BoRNBP | ||
| 005 | 20260206141438.0 | ||
| 007 | ta | ||
| 008 | 161128s1999 ck g 000 0 spa | ||
| 040 |
_aCO-BoRNBP _bspa _erda _cCO-BoRNBP |
||
| 041 | _aspa | ||
| 082 | 0 | 4 |
_a352.1309861 _bC64i |
| 110 | 2 |
_aColombia. Departamento Administrativo de la Función Pública _968648 |
|
| 245 | 1 | 0 |
_aIrradiando la paz : _bhacia una nueva forma de gestión pública / _cDepartamento Administrativo de la Función Pública, Escuela Superior de Administración Pública. |
| 250 | _a1a. edición | ||
| 264 | 1 |
_aBogotá, Colombia : _bEsap, _c1999 |
|
| 336 |
_atexto _btxt _2rdacontent |
||
| 337 |
_asin mediación _bn _2rdamedia |
||
| 338 |
_avolumen _bnc _2rdacarrier |
||
| 650 | 1 | 7 |
_aAdministración municipal _zColombia _2lemb _968649 |
| 650 | 1 | 7 |
_aAdministracion Publica _zColombia _2lemb _968650 |
| 650 | 0 | 7 |
_aFunción publica _zColombia _2lemb _968651 |
| 650 | 0 | 7 |
_aGestion _2lemb _968652 |
| 650 | 1 | 7 |
_aProyectos de Desarrollo _zColombia _2lemb _968653 |
| 942 |
_2ddc _cBK |
||
| 999 |
_c60435 _d60435 |
||